Lamont presents pre-election U.K. budget.

Minister financií Spojeného kráľovstva zverejnil 10. marca predvolebnú verziu štátneho rozpočtu, v rámci ktorého sa znižuje základná daňová sadzba pre prvých 2000 libier zdaniteľného príjmu z 25 na 20 perc. a predpokladá sa rozšírenie sociálnej pomoci a pomoci malým podnikom. Uvažovaná reforma rozpo...

Descripción completa

Guardado en:
Detalles Bibliográficos
Autor principal: Rosen, G.R
Formato: Capítulo de libro
Lenguaje:inglés
Materias:
Etiquetas: Agregar Etiqueta
Sin Etiquetas, Sea el primero en etiquetar este registro!

MARC

LEADER 00000naa a2200000 4500
001 r008948
005 20220913122348.6
041 0 |a eng 
044 |a US 
245 1 0 |a Lamont presents pre-election U.K. budget.  |c G.R. Rosen 
520 |a Minister financií Spojeného kráľovstva zverejnil 10. marca predvolebnú verziu štátneho rozpočtu, v rámci ktorého sa znižuje základná daňová sadzba pre prvých 2000 libier zdaniteľného príjmu z 25 na 20 perc. a predpokladá sa rozšírenie sociálnej pomoci a pomoci malým podnikom. Uvažovaná reforma rozpočtu a jej zdôvodnenie. Prehľad zmien v jednotlivých položkách rozpočtu. Dopady predkladaného rozpočtu vnútroštátne a v medzinárodných reláciách. 
610 2 0 |a rozpočet štátny 
610 2 0 |a Veľká Británia 
610 2 0 |a sadzby daňové 
610 2 0 |a starostlivosť sociálna 
610 2 0 |a pomoc finančná 
610 2 0 |a podnik malý 
100 1 |a Rosen, G.R.